| 000 | 00564nam a2200205Ia 4500 | ||
|---|---|---|---|
| 003 | OSt | ||
| 005 | 20230608100650.0 | ||
| 008 | 210423s2004 xx 000 0 und d | ||
| 040 | _cAL | ||
| 041 | _aeng | ||
| 082 |
_a330 VARI _223 |
||
| 100 |
_aVARMA (Jayanth R) _9122195 |
||
| 245 | _aIndian financial sector after a decade of reforms | ||
| 260 |
_bCentr for social action _c2004 |
||
| 365 |
_b50 _cINR |
||
| 650 |
_aEconomics _9122196 |
||
| 650 |
_aEconomics _9122196 |
||
| 906 | _aafter ; decade ; financial ; Indian ; reforms ; sector | ||
| 942 |
_2ddc _cBK |
||
| 999 |
_c173919 _d173919 |
||